Представление документа в формате RUSMARC

ПолеНазваниеЗначение
  Тип записи a
  Библиографический уровень m
001 Контрольный номер 3d568a31b986447998c49e50f7f740e7
005 Дата корректировки 20250707090601.3
010 Индекс ISBN __
a ISBN 978-5-04-105904-0
d Цена 154-00
100 Данные общей обработки __
a Данные общей обработки 20210211d2020####em#y0rusy50######ca
101 Язык документа 0_
a Язык текста rus
c Язык оригинала eng
102 Страна публикации __
a Страна публикации RU
200 Заглавие и сведения об ответственности 1_
a Заглавие Как говорить с детьми, чтобы они учились
f Первые сведения об ответственности Адель Фабер, Элейн Мазлиш
g Последующие сведения об ответственности перевод с английского Т. О. Новиковой
210 Выходные данные 1_
a Место издания Москва
c Издательство Эксмо
c Издательство Бомбора™
d Дата издания 2020
215 Физическое описание __
a Объем 285, [1] с.
225 Серия (Журнальная рубрика) 2_
a Серия (Журнальная рубрика) Психология. Искусство быть родителем. Советуют профессионалы
330 Аннотация __
a Аннотация Авторы предлагают стратегию общения с детьми, с помощью которой можно приучить детей к сосредоточенности, самодисциплине, ответственности и мотивации их на личный успех.
333 Примечание о целевом назначении __
a Примечание о целевом назначении 16+
454 Оригинал _0
1 700 1
a Faber
b Adele
1 701 1
a Mazlish
b Elaine
1 2001
a How to talk so kids can learn at home and in school
606 Тематические рубрики __
a Основная рубрика Психология
606 Тематические рубрики __
a Основная рубрика Детская психология
610 Ключевые слова 0_
a Ключевые слова самодисциплина
a Ключевые слова дети и родители
a Ключевые слова родители и учителя
a Ключевые слова наказание ребенка
686 Индексы других классификаций __
a Индекс ББК 88.41
a Индекс ББК 74.9
700 Автор _1
a Фамилия Фабер
b Имя А.
g Полное личное имя Адель
4 Код отношения 070
701 Альтернативная интеллектуальная ответственность (другие авторы) _1
a Фамилия Мазлиш
b Имя Э.
g Полное личное имя Элейн
4 Код отношения 070
702 Вторичная интеллектуальная ответственность _1
a Фамилия Новикова
b Имя Т. О.
4 Код отношения 730
801 Источник записи _0
a Страна RU
b Организация Центральная районная библиотека им. Г. А. Пирожникова
c Дата составления 20210211
g Правила каталогизации bzbo
801 Источник записи _1
a Страна RU
b Организация Центральная районная библиотека им. Г. А. Пирожникова
c Дата составления 20210211
g Правила каталогизации bzbo
852 Данные о местонахождении __
i Авторский знак Ф 121
j Шифр хранения 88.41
901 Тип документа __
t Тип документа m
902 Роль лиц __
a Создатель БЗ ОКиО/Колмакова